[Event "World Cup U18 Girls Prel"]
[Site "Tornelo INT"]
[Date "2021.08.01"]
[Round "4"]
[White "Siraj, Vita"]
[Black "Van Jaarsveld, Anje"]
[Result "0-1"]
[WhiteElo "1620"]
[BlackElo "1312"]
[PlyCount "89"]
[EventDate "2021.08.01"]
[EventType "swiss (rapid)"]
[EventRounds "10"]
[EventCountry "NET"]
[SourceTitle "EXT 2024"]
[Source "ChessBase"]
[SourceDate "2023.10.10"]
[SourceVersion "1"]
[SourceVersionDate "2023.10.10"]
[SourceQuality "1"]

1. d4 d5 2. Bf4 e6 3. Nf3 Bd6 4. Bg3 Nf6 5. e3 0-0 6. Bd3 Re8 7. Nbd2 Qe7 8. c3 Nbd7 9. Qc1 e5 10. dxe5 Nxe5 11. Nxe5 Bxe5 12. Qc2 h6 13. Nf3 Bxg3 14. hxg3 Bg4 15. 0-0-0 c5 16. Rh4 d4 17. exd4 cxd4 18. Re1 Qd7 19. Rxe8+ Rxe8 20. Nxd4 Re1+ 21. Kd2 Rd1+ 22. Qxd1 Bxd1 23. Kxd1 Qd5 24. Nf3 Qxd3+ 25. Ke1 Qb1+ 26. Ke2 Qxb2+ 27. Nd2 Kh7 28. Rc4 Qxa2 29. Rb4 b6 30. Rd4 a5 31. Ke3 a4 32. Nc4 b5 33. Nd6 a3 34. Nxb5 Qe6+ 35. Kd3 a2 36. Ra4 Qf5+ 37. Ke3 Qxb5 38. Rxa2 Nd5+ 39. Kd4 Nf6 40. c4 Qd7+ 41. Kc3 Ne4+ 42. Kb4 Qd6+ 43. Kb3 Qb6+ 44. Ka3 Nc5 45. Re2 0-1

[Event "Otocec Krka Terme op"]
[Site "Otocec"]
[Date "2021.07.04"]
[Round "3"]
[White "Siraj, Vita"]
[Black "Rozman, Roman"]
[Result "0-1"]
[WhiteElo "1620"]
[BlackElo "1777"]
[PlyCount "88"]
[EventDate "2021.07.03"]
[EventType "swiss"]
[EventRounds "9"]
[EventCountry "SLO"]
[SourceTitle "CBM 203 Extra"]
[Source "ChessBase"]
[SourceDate "2021.09.30"]
[SourceVersion "1"]
[SourceVersionDate "2021.09.30"]
[SourceQuality "1"]

1. d4 d5 2. Nf3 e6 3. Bf4 c5 4. e3 Nc6 5. c3 Bd6 6. Ne5 Nf6 7. Nd2 Qc7 8. Ndf3 h6 9. h3 cxd4 10. exd4 a6 11. Bd3 0-0 12. 0-0 Re8 13. Re1 Nd7 14. Qd2 f6 15. Ng6 e5 16. dxe5 fxe5 17. Bc2 Nf6 18. Bg3 e4 19. Bxd6 Qxd6 20. Nd4 Kf7 21. Nf4 Nxd4 22. cxd4 Bd7 23. Bb3 g5 24. Ne2 Kg7 25. Nc3 Bc6 26. Re3 Rad8 27. Rae1 Qf4 28. Bd1 h5 29. Qc2 g4 30. hxg4 hxg4 31. Rg3 Rh8 32. Kf1 Rde8 33. Rge3 Rh1+ 34. Ke2 Rxe1+ 35. Kxe1 Qh2 36. g3 Qg1+ 37. Ke2 Rh8 38. Kd2 Qxf2+ 39. Ne2 Rh1 40. Rc3 Bb5 41. Rc7+ Kg6 42. Rxb7 Bxe2 43. Rg7+ Kxg7 44. Qc7+ Kg6 0-1

[Event "Portoroz Nat Festival 30th"]
[Site "Portoroz"]
[Date "2020.09.05"]
[Round "3"]
[White "Bajo, Tin"]
[Black "Siraj, Vita"]
[Result "1-0"]
[WhiteElo "2039"]
[BlackElo "1559"]
[PlyCount "57"]
[EventDate "2020.09.03"]
[EventType "swiss"]
[EventRounds "9"]
[EventCountry "SLO"]
[SourceTitle "CBM 198 Extra"]
[Source "ChessBase"]
[SourceDate "2020.11.30"]
[SourceVersion "1"]
[SourceVersionDate "2020.11.30"]
[SourceQuality "1"]

1. e4 e5 2. Nf3 Nc6 3. Bc4 Bc5 4. c3 Nf6 5. d3 0-0 6. h3 h6 7. Nbd2 d5 8. exd5 Nxd5 9. Ne4 Bb6 10. 0-0 Kh8 11. Re1 f5 12. Ng3 Qd6 13. Qe2 e4 14. dxe4 Nxc3 15. bxc3 Qxg3 16. Be3 Qg6 17. Nh4 Qf6 18. Qh5 Ne5 19. Bb3 fxe4 20. Bd4 Bxd4 21. cxd4 Qxf2+ 22. Kh1 Qxd4 23. Qxe5 Qxe5 24. Ng6+ Kh7 25. Nxe5 Bf5 26. g4 Bg6 27. Nxg6 Kxg6 28. Rxe4 Rad8 29. Rd1 1-0

[Event "Portoroz Nat Festival 30th"]
[Site "Portoroz"]
[Date "2020.09.03"]
[Round "1"]
[White "Siraj, Vita"]
[Black "Kejzar, Petra"]
[Result "0-1"]
[WhiteElo "1559"]
[BlackElo "2069"]
[PlyCount "78"]
[EventDate "2020.09.03"]
[EventType "swiss"]
[EventRounds "9"]
[EventCountry "SLO"]
[SourceTitle "CBM 198 Extra"]
[Source "ChessBase"]
[SourceDate "2020.11.30"]
[SourceVersion "1"]
[SourceVersionDate "2020.11.30"]
[SourceQuality "1"]

1. d4 Nf6 2. Nf3 e6 3. Bf4 d5 4. e3 c5 5. c4 Nc6 6. Nc3 cxd4 7. Nxd4 Bb4 8. Qb3 0-0 9. Nxc6 Bxc3+ 10. Qxc3 bxc6 11. Bd3 Ba6 12. 0-0 Re8 13. Be5 dxc4 14. Bxf6 Qxf6 15. Qxf6 gxf6 16. Be2 Rab8 17. Rab1 Red8 18. Rfd1 c3 19. Rxd8+ Rxd8 20. Rd1 Rxd1+ 21. Bxd1 cxb2 22. Bc2 Bc4 23. Bb1 Kf8 24. f3 Ke7 25. Kf2 Kd6 26. Ke1 Kc5 27. a3 f5 28. g3 Bd5 29. e4 fxe4 30. fxe4 Bc4 31. Kd2 Kd4 32. h4 e5 33. g4 f6 34. g5 fxg5 35. hxg5 c5 36. a4 Bb3 37. a5 c4 38. a6 c3+ 39. Ke2 c2 0-1

[Event "Ljubljana-chT 73rd"]
[Site "Ljubljana"]
[Date "2020.02.13"]
[Round "4.4"]
[White "Bavec, Uros"]
[Black "Siraj, Vita"]
[Result "0-1"]
[WhiteElo "1649"]
[BlackElo "1561"]
[PlyCount "64"]
[EventDate "2020.01.16"]
[EventType "team-swiss"]
[EventRounds "6"]
[EventCountry "SLO"]
[SourceTitle "EXT 2024"]
[Source "ChessBase"]
[SourceDate "2023.10.10"]
[SourceVersion "1"]
[SourceVersionDate "2023.10.10"]
[SourceQuality "1"]
[WhiteTeam "Loska Dolina"]
[BlackTeam "Vrhnika"]
[WhiteTeamCountry "SLO"]
[BlackTeamCountry "SLO"]

1. d4 d5 2. c4 e6 3. e3 Nf6 4. Nf3 c5 5. Nc3 Bd6 6. Be2 Nc6 7. cxd5 exd5 8. dxc5 Bxc5 9. Bb5 0-0 10. 0-0 Bg4 11. h3 Bh5 12. Be2 Bg6 13. a3 Re8 14. b4 Bb6 15. Bb2 d4 16. exd4 Nxd4 17. Nxd4 Bxd4 18. Bf3 Ne4 19. Bxe4 Bxe4 20. Ra2 Bd3 21. Re1 Qf6 22. Ba1 Bc4 23. Ne4 Qg6 24. Qxd4 Bxa2 25. Re2 Rad8 26. Nc3 Be6 27. Qe3 h6 28. Qg3 Qxg3 29. fxg3 Rd3 30. Kf2 Rc8 31. Rc2 Rd1 32. Ke2 Rxa1 0-1

[Event "SLO-chT2 West"]
[Site "Komenda"]
[Date "2019.11.30"]
[Round "6.4"]
[White "Siraj, Vita"]
[Black "Turkovic, Igor"]
[Result "0-1"]
[WhiteElo "1506"]
[BlackElo "1789"]
[PlyCount "142"]
[EventDate "2019.11.15"]
[EventType "team-tourn"]
[EventRounds "9"]
[EventCountry "SLO"]
[SourceTitle "EXT 2024"]
[Source "ChessBase"]
[SourceDate "2023.10.10"]
[SourceVersion "1"]
[SourceVersionDate "2023.10.10"]
[SourceQuality "1"]
[WhiteTeam "Vrhnika"]
[BlackTeam "Dolenjske Toplice"]
[WhiteTeamCountry "SLO"]
[BlackTeamCountry "SLO"]

1. d4 Nf6 2. Nf3 e6 3. Bf4 c5 4. e3 Nc6 5. Nc3 a6 6. Bd3 d5 7. 0-0 Be7 8. Ne5 0-0 9. Qf3 Nb4 10. dxc5 Bxc5 11. Rac1 b5 12. Be2 Bb7 13. Qg3 Nc6 14. Nxc6 Bxc6 15. Bh6 Ne8 16. Bd3 Bd6 17. Qg4 Kh8 18. Bg5 Qc7 19. Qh4 f5 20. Ne2 e5 21. f3 Kg8 22. e4 f4 23. exd5 h6 24. dxc6 hxg5 25. Qh7+ Kf7 26. Qg6+ Kg8 27. Qxg5 Qxc6 28. Be4 Qc5+ 29. Kh1 Ra7 30. Nc3 Nf6 31. Bd3 Be7 32. Rce1 Bd6 33. Ne4 Nxe4 34. Bxe4 Rf6 35. Rd1 Re7 36. Rd3 Bc7 37. Rd5 Qc4 38. Rfd1 Kf8 39. Bg6 Ree6 40. Bf5 Rd6 41. Rxd6 Rxd6 42. Bd3 Qe6 43. Re1 Rd4 44. g3 fxg3 45. hxg3 Qh3+ 46. Kg1 Rxd3 47. cxd3 Bb6+ 48. Re3 Bxe3+ 49. Qxe3 Qxg3+ 50. Kf1 Qh3+ 51. Ke2 Qg2+ 52. Qf2 Qxf2+ 53. Kxf2 Ke7 54. Ke3 Kd6 55. d4 Kd5 56. dxe5 Kxe5 57. f4+ Kd5 58. Kd3 a5 59. b3 Kc5 60. a3 Kd5 61. Ke3 a4 62. bxa4 bxa4 63. Kd3 g6 64. Kc3 Ke4 65. Kb4 Kxf4 66. Kxa4 g5 67. Kb5 g4 68. a4 g3 69. a5 g2 70. a6 g1Q 71. Kc6 Qa7 0-1

[Event "Otocec Krka Terme op"]
[Site "Otocec"]
[Date "2018.12.28"]
[Round "8"]
[White "Siraj, Vita"]
[Black "Vicic, Mark"]
[Result "0-1"]
[WhiteElo "1501"]
[BlackElo "1507"]
[PlyCount "76"]
[EventDate "2018.12.25"]
[EventType "swiss"]
[EventRounds "9"]
[EventCountry "SLO"]
[SourceTitle "EXT 2020"]
[Source "ChessBase"]
[SourceDate "2019.10.17"]
[SourceVersion "1"]
[SourceVersionDate "2019.10.17"]
[SourceQuality "1"]

1. d4 Nf6 2. Nf3 e6 3. Bf4 c5 4. e3 Qb6 5. Nc3 Qxb2 6. Nb5 cxd4 7. Nc7+ Kd8 8. exd4 Bb4+ 9. Ke2 Ne4 10. Ke3 Nc3 11. Qc1 Qxc1+ 12. Rxc1 Nd5+ 13. Nxd5 exd5 14. Ng5 Ke7 15. Rb1 Nc6 16. Rb3 h6 17. Nf3 Re8 18. c3 Ba5 19. Kd2 g5 20. Be3 f5 21. g3 Bc7 22. Kc2 Kf6 23. Rb5 a6 24. Rb2 b5 25. Bg2 Na5 26. Re1 Bb7 27. Ne5 d6 28. Nd3 Nc4 29. Rb3 a5 30. Kc1 Bc6 31. Bf3 Re7 32. Kb1 a4 33. Bxd5 Bxd5 34. Rb4 Ba5 35. Kc2 Bxb4 36. cxb4 Nxe3+ 37. Rxe3 Rxe3 38. fxe3 Be4 0-1

[Event "SLO-chT2 West"]
[Site "Komenda"]
[Date "2018.11.10"]
[Round "1.5"]
[White "Siraj, Vita"]
[Black "Borstnik, Ales"]
[Result "0-1"]
[WhiteElo "1404"]
[BlackElo "1784"]
[PlyCount "48"]
[EventDate "2018.11.10"]
[EventType "team-tourn"]
[EventRounds "7"]
[EventCountry "SLO"]
[SourceTitle "EXT 2020"]
[Source "ChessBase"]
[SourceDate "2019.10.17"]
[SourceVersion "1"]
[SourceVersionDate "2019.10.17"]
[SourceQuality "1"]
[WhiteTeam "Vrhnika II"]
[BlackTeam "Trzin"]
[WhiteTeamCountry "SLO"]
[BlackTeamCountry "SLO"]

1. d4 Nf6 2. Nf3 g6 3. Bf4 Bg7 4. e3 0-0 5. Bd3 d6 6. c3 e6 7. e4 Nbd7 8. Bg5 Qe8 9. Qc1 c5 10. Qe3 a6 11. Bf4 cxd4 12. cxd4 e5 13. Bg3 exd4 14. Nxd4 Ng4 15. Qe2 Bxd4 16. Bxd6 Nde5 17. Bxf8 Nxf2 18. Rf1 Nfxd3+ 19. Kd2 Qxf8 20. Nc3 Bg4 21. Rf3 Bxf3 22. gxf3 Qb4 23. Kc2 Rc8 24. a3 Qxb2+ 0-1

[Event "SLO-chT1 Central 19th"]
[Site "Slovenia"]
[Date "2018.10.25"]
[Round "7.4"]
[White "Banko, Franci"]
[Black "Siraj, Vita"]
[Result "1-0"]
[WhiteElo "1388"]
[BlackElo "1435"]
[PlyCount "65"]
[EventDate "2018.09.13"]
[EventType "team-tourn"]
[EventRounds "9"]
[EventCountry "SLO"]
[SourceTitle "EXT 2021"]
[Source "ChessBase"]
[SourceDate "2020.10.23"]
[SourceVersion "1"]
[SourceVersionDate "2020.10.23"]
[SourceQuality "1"]
[WhiteTeam "Trzin Pekos Pub"]
[BlackTeam "Vrhnika"]
[WhiteTeamCountry "SLO"]
[BlackTeamCountry "SLO"]

1. d4 d5 2. Nf3 Bf5 3. g3 Nf6 4. Nc3 e6 5. Bg2 Bd6 6. 0-0 Nc6 7. a3 a6 8. Re1 Ne4 9. Nxe4 Bxe4 10. Ng5 Bxg2 11. Kxg2 Qf6 12. Nf3 Qg6 13. Qd3 Qe4 14. e3 f5 15. Qxe4 fxe4 16. Ng5 Ke7 17. c4 h6 18. cxd5 exd5 19. Nh3 Rhf8 20. Nf4 Rf5 21. g4 Rg5 22. h3 g6 23. f3 h5 24. Bd2 exf3+ 25. Kxf3 hxg4+ 26. hxg4 Rh8 27. Rh1 Rxh1 28. Rxh1 Bxf4 29. Kxf4 Kf6 30. Rh8 Ne7 31. Rd8 c5 32. Be1 cxd4 33. Rd6+ 1-0

[Event "SLO-chT1 Central 19th"]
[Site "Slovenia"]
[Date "2018.09.27"]
[Round "3.4"]
[White "Kocevar, Leopold"]
[Black "Siraj, Vita"]
[Result "0-1"]
[WhiteElo "1563"]
[BlackElo "1435"]
[PlyCount "34"]
[EventDate "2018.09.13"]
[EventType "team-tourn"]
[EventRounds "9"]
[EventCountry "SLO"]
[SourceTitle "EXT 2021"]
[Source "ChessBase"]
[SourceDate "2020.10.23"]
[SourceVersion "1"]
[SourceVersionDate "2020.10.23"]
[SourceQuality "1"]
[WhiteTeam "Ljubljana Karel Jeraj"]
[BlackTeam "Vrhnika"]
[WhiteTeamCountry "SLO"]
[BlackTeamCountry "SLO"]

1. d4 d5 2. Bf4 Bf5 3. Nf3 c6 4. c3 e6 5. e3 a6 6. Bd3 Bg6 7. Bxg6 hxg6 8. Nbd2 Bd6 9. Bxd6 Qxd6 10. g3 Nf6 11. Qc2 Ng4 12. h4 Qe7 13. e4 g5 14. exd5 exd5+ 15. Kf1 Qf6 16. Re1+ Kd7 17. Nb3 Qxf3 0-1

[Event "SLO-chT1 Central 19th"]
[Site "Slovenia"]
[Date "2018.09.20"]
[Round "2.4"]
[White "Siraj, Vita"]
[Black "Kocijancic, Igor"]
[Result "1/2-1/2"]
[WhiteElo "1435"]
[BlackElo "1670"]
[PlyCount "78"]
[EventDate "2018.09.13"]
[EventType "team-tourn"]
[EventRounds "9"]
[EventCountry "SLO"]
[SourceTitle "EXT 2021"]
[Source "ChessBase"]
[SourceDate "2020.10.23"]
[SourceVersion "1"]
[SourceVersionDate "2020.10.23"]
[SourceQuality "1"]
[WhiteTeam "Vrhnika"]
[BlackTeam "Kamnik DU"]
[WhiteTeamCountry "SLO"]
[BlackTeamCountry "SLO"]

1. d4 d5 2. Bf4 Nf6 3. Nf3 e6 4. Nbd2 Bd6 5. Bg3 0-0 6. e3 Qe7 7. Bd3 Nbd7 8. Ne5 Ne8 9. Qh5 g6 10. Qh6 f6 11. Nef3 Qg7 12. Qh4 e5 13. dxe5 fxe5 14. Qg5 c6 15. e4 d4 16. Nc4 Bb4+ 17. Ke2 Be7 18. Qd2 Bf6 19. Qa5 b6 20. Qa4 b5 21. Qb3 Nc5 22. Qb4 Na6 23. Qa3 Be7 24. Qa5 Bb4 25. Qd8 Nf6 26. Qxf8+ Qxf8 27. Ncxe5 Qe8 28. Nxd4 c5 29. Nxb5 Nxe4 30. Bxe4 Qxb5+ 31. c4 Qa4 32. b3 Qa3 33. Bd5+ Kg7 34. Bxa8 Qb2+ 35. Kf3 Qc3+ 36. Ke2 Qd2+ 37. Kf3 Qc3+ 38. Kf4 Qd4+ 39. Kf3 Qc3+ 1/2-1/2

[Event "SLO-chT U16"]
[Site "Murska Sobota"]
[Date "2018.05.11"]
[Round "1"]
[White "Gojkovic, Vito"]
[Black "Siraj, Vita"]
[Result "0-1"]
[WhiteElo "1745"]
[BlackElo "1520"]
[PlyCount "72"]
[EventDate "2018.05.11"]
[EventType "team-swiss"]
[EventRounds "5"]
[EventCountry "SLO"]
[SourceTitle "EXT 2020"]
[Source "ChessBase"]
[SourceDate "2019.10.17"]
[SourceVersion "1"]
[SourceVersionDate "2019.10.17"]
[SourceQuality "1"]

1. e4 e5 2. Nf3 Nc6 3. Bb5 Bc5 4. Nc3 d6 5. d3 Be6 6. 0-0 Nf6 7. Bg5 h6 8. Bh4 g5 9. Bg3 Qd7 10. Na4 Bb6 11. c4 h5 12. h3 h4 13. Bh2 g4 14. Ng5 g3 15. Nxb6 gxh2+ 16. Kxh2 cxb6 17. f4 Qe7 18. f5 Bd7 19. Qe2 Nd4 20. Bxd7+ Nxd7 21. Qd2 Rg8 22. Nf3 Nxf3+ 23. Rxf3 Qg5 24. Qf2 Nc5 25. Rg1 Kd7 26. g3 hxg3+ 27. Rfxg3 Qh4 28. Qg2 Rxg3 29. Qxg3 Qxg3+ 30. Rxg3 Rh8 31. Rg7 Ke7 32. Kg3 Nxd3 33. Kg4 Nf2+ 34. Kg5 Rxh3 35. f6+ Ke6 36. Rg8 Rg3+ 0-1

[Event "SLO-ch U14 Girls"]
[Site "Portoroz"]
[Date "2018.02.27"]
[Round "5"]
[White "Lukac, Alina"]
[Black "Siraj, Vita"]
[Result "0-1"]
[WhiteElo "1337"]
[BlackElo "1471"]
[PlyCount "76"]
[EventDate "2018.02.24"]
[EventType "swiss"]
[EventRounds "9"]
[EventCountry "SLO"]
[SourceTitle "EXT 2019"]
[Source "ChessBase"]
[SourceDate "2018.10.10"]
[SourceVersion "1"]
[SourceVersionDate "2018.10.10"]
[SourceQuality "1"]

1. e4 e5 2. d4 exd4 3. Qxd4 Nc6 4. Qe3 b6 5. Nc3 Bc5 6. Qg3 Qf6 7. Bd2 Nge7 8. 0-0-0 Bxf2 9. Qf3 Qxf3 10. Nxf3 d6 11. h3 h6 12. Bc4 Be6 13. Bd5 Rb8 14. Be1 Bc5 15. a3 a5 16. Rf1 b5 17. Bf2 b4 18. axb4 axb4 19. Na4 Bxf2 20. Rxf2 Ra8 21. b3 Ra5 22. Bxc6+ Nxc6 23. Nd4 Bd7 24. Nf5 g6 25. Ne3 Ne5 26. Rd5 Ra6 27. Rf6 Ke7 28. Rf2 Bxa4 29. bxa4 c6 30. Rd4 c5 31. Rd5 Rxa4 32. Rfd2 Rd8 33. Kb2 Ra3 34. Re2 c4 35. Rb5 c3+ 36. Kb1 Rda8 37. Nd5+ Kd8 38. Rxb4 Ra1# 0-1

[Event "Otocec Krka Terme op"]
[Site "Otocec"]
[Date "2017.11.10"]
[Round "5"]
[White "Siraj, Vita"]
[Black "Kobe, Jure"]
[Result "0-1"]
[WhiteElo "1525"]
[BlackElo "1343"]
[PlyCount "141"]
[EventDate "2017.11.02"]
[EventType "swiss"]
[EventRounds "9"]
[EventCountry "SLO"]
[SourceTitle "EXT 2019"]
[Source "ChessBase"]
[SourceDate "2018.10.10"]
[SourceVersion "1"]
[SourceVersionDate "2018.10.10"]
[SourceQuality "1"]

1. d4 d5 2. Nf3 Nf6 3. Bf4 Bf5 4. e3 e6 5. Bd3 Bg6 6. Nbd2 c5 7. Bb5+ Nbd7 8. c4 a6 9. Ba4 dxc4 10. Bxd7+ Qxd7 11. Nxc4 Rd8 12. Nb6 Qc6 13. Qb3 Nd5 14. Nxd5 Qxd5 15. Qa4+ Qd7 16. Qc4 cxd4 17. Nxd4 Rc8 18. Qb3 Bc5 19. Rd1 Bxd4 20. Rxd4 Qc6 21. 0-0 0-0 22. Rd6 Qe4 23. Rb6 e5 24. f3 Qf5 25. e4 Qxf4 26. Rxb7 Qd2 27. Rd1 Rc1 28. Rxc1 Qxc1+ 29. Kf2 Qd2+ 30. Kf1 Rd8 31. Rb8 Qc1+ 32. Ke2 Qc7 33. Rxd8+ Qxd8 34. Qb7 f5 35. Qxa6 fxe4 36. Qe6+ Bf7 37. Qxe5 Qd3+ 38. Ke1 Qe3+ 39. Kd1 Qg1+ 40. Kd2 Qxg2+ 41. Ke1 Qg1+ 42. Kd2 Qf2+ 43. Kc1 Qe3+ 44. Kc2 Qd3+ 45. Kc1 Qc4+ 46. Kd2 Qd5+ 47. Qxd5 Bxd5 48. fxe4 Bxe4 49. a4 Kf7 50. Ke3 Bc6 51. a5 Ke6 52. Kf4 Kf6 53. b3 g5+ 54. Kg4 Kg6 55. a6 h5+ 56. Kg3 Kf5 57. a7 h4+ 58. Kh3 Kf4 59. b4 Bf3 60. b5 Bg4+ 61. Kg2 h3+ 62. Kf2 Bf3 63. Kg1 Bb7 64. Kf2 g4 65. Kf1 g3 66. Kg1 gxh2+ 67. Kxh2 Kg4 68. b6 Ba8 69. Kg1 Kg3 70. b7 Bxb7 71. a8Q 0-1

[Event "Portoroz op 11th"]
[Site "Portoroz"]
[Date "2017.07.23"]
[Round "2"]
[White "Siraj, Vita"]
[Black "Simeone, Giulio Maria"]
[Result "1/2-1/2"]
[WhiteElo "1312"]
[BlackElo "1771"]
[PlyCount "85"]
[EventDate "2017.07.22"]
[EventType "swiss"]
[EventRounds "9"]
[EventCountry "SLO"]
[SourceTitle "EXT 2018"]
[Source "ChessBase"]
[SourceDate "2017.10.13"]
[SourceVersion "1"]
[SourceVersionDate "2017.10.13"]
[SourceQuality "1"]

1. d4 Nf6 2. Nf3 e6 3. Bf4 b6 4. e3 Bb7 5. Bd3 Na6 6. c3 Ne4 7. Qc2 f5 8. Ne5 d6 9. Qa4+ c6 10. Nxc6 Qd7 11. Bb5 Nc7 12. c4 a6 13. Ne5 axb5 14. Qxa8+ Bxa8 15. Nxd7 Kxd7 16. f3 Nf6 17. cxb5 Nxb5 18. a4 Nc7 19. Nc3 Ncd5 20. a5 b5 21. g3 Nxf4 22. gxf4 Bxf3 23. 0-0 Bb7 24. b4 Be7 25. Rf2 Rg8 26. Rfa2 Ba6 27. Rg2 g5 28. Kf1 g4 29. Rc1 h5 30. Rgc2 Bb7 31. Na4 Nd5 32. Nb6+ Nxb6 33. axb6 Rc8 34. Rxc8 Bxc8 35. Rc7+ Kd8 36. Ra7 d5 37. b7 Bxb7 38. Rxb7 Bxb4 39. Rxb5 Be7 40. Rb8+ Kd7 41. Rb7+ Ke8 42. Kg2 h4 43. Rb8+ 1/2-1/2

[Event "SLO-ch U14 Girls"]
[Site "Ptuj"]
[Date "2017.03.03"]
[Round "9"]
[White "Strazisnik, Alja"]
[Black "Siraj, Vita"]
[Result "0-1"]
[WhiteElo "1683"]
[BlackElo "1372"]
[PlyCount "124"]
[EventDate "2017.02.25"]
[EventType "swiss"]
[EventRounds "9"]
[EventCountry "SLO"]
[SourceTitle "CBM 177 Extra"]
[Source "ChessBase"]
[SourceDate "2017.04.27"]
[SourceVersion "1"]
[SourceVersionDate "2017.04.27"]
[SourceQuality "1"]

1. e4 e5 2. Nf3 Nc6 3. Bc4 Bc5 4. Nc3 Nf6 5. d3 d6 6. h3 Be6 7. Bb3 h6 8. 0-0 0-0 9. Re1 Nd7 10. Nd5 Ne7 11. Nxe7+ Qxe7 12. c3 f5 13. exf5 Rxf5 14. Bc2 Bd5 15. Bb3 c6 16. Bxd5+ cxd5 17. b4 Bb6 18. Be3 Raf8 19. d4 e4 20. Nd2 R8f6 21. Qe2 Rg6 22. Kh1 Qh4 23. f3 Nf6 24. Bf2 Qg5 25. Be3 Qg3 26. Rg1 Rh5 27. Nf1 Qh4 28. Bf2 Qf4 29. Be3 exf3 30. Bxf4 fxe2 31. Nd2 Ng4 32. Rge1 Nf2+ 33. Kh2 Re6 34. Nf3 Nd3 35. Rg1 Nxf4 36. a4 a5 37. b5 Nd3 38. g4 Re3 39. Kg2 e1Q 40. Nxe1 Rhxh3 41. Nxd3 Rxd3 42. Rac1 Rhg3+ 43. Kh2 Rxg1 44. Kxg1 Rg3+ 45. Kf2 Rxg4 46. Kf3 Rg6 47. c4 Bxd4 48. cxd5 Bc5 49. Rd1 h5 50. Rh1 Rh6 51. Kf4 g6 52. Kg5 Be3+ 53. Kh4 g5+ 54. Kg3 Kg7 55. Kf3 Bf4 56. Kg2 g4 57. Rf1 Be5 58. Rh1 h4 59. b6 Kg6 60. Kf2 h3 61. Kg1 g3 62. Kf1 g2+ 0-1

[Event "SLO-ch U14 Girls"]
[Site "Ptuj"]
[Date "2017.03.01"]
[Round "7"]
[White "Siraj, Vita"]
[Black "Petauer, Ana Marija"]
[Result "0-1"]
[WhiteElo "1372"]
[BlackElo "1515"]
[PlyCount "144"]
[EventDate "2017.02.25"]
[EventType "swiss"]
[EventRounds "9"]
[EventCountry "SLO"]
[SourceTitle "CBM 177 Extra"]
[Source "ChessBase"]
[SourceDate "2017.04.27"]
[SourceVersion "1"]
[SourceVersionDate "2017.04.27"]
[SourceQuality "1"]

1. d4 f5 2. Nf3 Nf6 3. Bg5 e6 4. Nbd2 h6 5. Bf4 d6 6. h3 g5 7. Bg3 Bg7 8. e3 0-0 9. Bd3 Nc6 10. Qe2 Nb4 11. h4 g4 12. Nh2 Nxd3+ 13. Qxd3 Nh5 14. Bf4 Nxf4 15. exf4 Qxh4 16. g3 Qf6 17. c3 b6 18. f3 Bb7 19. Rg1 h5 20. Nc4 Ba6 21. d5 Rfe8 22. 0-0-0 exd5 23. Qxd5+ Qe6 24. Ne3 Qxd5 25. Nxd5 Rac8 26. fxg4 hxg4 27. Nf1 Bc4 28. Nde3 Bxf1 29. Nxf1 Re2 30. Rd5 Rf8 31. Nd2 a6 32. Kd1 Rh2 33. Kc1 b5 34. a3 Kh7 35. Nf1 Re2 36. Nd2 Kg6 37. Nb3 Rfe8 38. Rd2 Re1+ 39. Rxe1 Rxe1+ 40. Rd1 Rxd1+ 41. Kxd1 c5 42. Kd2 Kf6 43. Na5 Bf8 44. Nc6 d5 45. Kd3 Ke6 46. Ne5 b4 47. c4 bxa3 48. bxa3 d4 49. Nc6 Kd6 50. Nb8 Kc7 51. Nxa6+ Kb6 52. Nb4 cxb4 53. axb4 Bg7 54. Ke2 Kc6 55. Kd3 Kd6 56. Ke2 Ke7 57. Kd3 Ke6 58. Ke2 Bf8 59. c5 Kd5 60. Kd3 Bg7 61. Kd2 Bh8 62. Kd3 Bf6 63. Kd2 Kc4 64. c6 Bd8 65. b5 Kxb5 66. Kd3 Kc5 67. Kd2 Kxc6 68. Kd3 Kd5 69. Kd2 Ke4 70. Ke2 Ba5 71. Kd1 Kd3 72. Kc1 Ke2 0-1

[Event "SLO-ch U14 Girls"]
[Site "Ptuj"]
[Date "2017.02.28"]
[Round "5"]
[White "Urbanc, Tina"]
[Black "Siraj, Vita"]
[Result "1-0"]
[WhiteElo "1572"]
[BlackElo "1372"]
[PlyCount "207"]
[EventDate "2017.02.25"]
[EventType "swiss"]
[EventRounds "9"]
[EventCountry "SLO"]
[SourceTitle "CBM 177 Extra"]
[Source "ChessBase"]
[SourceDate "2017.04.27"]
[SourceVersion "1"]
[SourceVersionDate "2017.04.27"]
[SourceQuality "1"]

1. c4 e5 2. Nc3 d6 3. g3 g6 4. Bg2 Bg7 5. Nf3 c6 6. d4 Ne7 7. d5 0-0 8. 0-0 c5 9. e4 f5 10. Nd2 f4 11. g4 Nd7 12. f3 Nf6 13. Kf2 a6 14. Qb3 Rb8 15. a4 Qa5 16. Ra3 Bd7 17. Qa2 Qc7 18. a5 h6 19. Ndb1 Ra8 20. Rb3 Rfb8 21. Bd2 b6 22. axb6 Rxb6 23. Rxb6 Qxb6 24. Na3 Rb8 25. Rb1 Qb4 26. Bf1 g5 27. Nc2 Qb7 28. Kg2 Kf7 29. b3 Ng6 30. Be1 Rh8 31. h3 h5 32. b4 cxb4 33. Rxb4 Qa8 34. Rb6 Ke7 35. Qxa6 hxg4 36. hxg4 Qxa6 37. Rxa6 Rc8 38. Nb4 Ne8 39. Nb5 Nf8 40. Na7 Rc7 41. Nac6+ Kf7 42. Nd8+ Ke7 43. Nbc6+ Bxc6 44. Nxc6+ Kf6 45. Ba5 Rb7 46. Bd8+ Kg6 47. Ne7+ Kh7 48. Nf5 Rb2+ 49. Kg1 Rb3 50. Kf2 Rb2+ 51. Be2 Nd7 52. Nxg7 Nxg7 53. Bxg5 Nc5 54. Ra1 Kg6 55. Bd8 Ne8 56. Ke1 Nb3 57. Rd1 Nd4 58. Rd2 Rb1+ 59. Kf2 Rh1 60. Kg2 Re1 61. Bd1 Re3 62. Bb6 Ra3 63. Bxd4 exd4 64. Rxd4 Ra2+ 65. Kf1 Rb2 66. Rd3 Rb4 67. Rc3 Rb1 68. Ke1 Rb2 69. c5 dxc5 70. Rxc5 Rh2 71. Be2 Rh1+ 72. Kd2 Ra1 73. Kd3 Ra3+ 74. Rc3 Ra6 75. e5 Ra5 76. Ke4 Ra4+ 77. Rc4 Ra2 78. Bd3 Kg5 79. e6 Nd6+ 80. Kd4 Nxc4 81. Kxc4 Kf6 82. Kc5 Rd2 83. Be4 Ke7 84. g5 Rd1 85. g6 Rc1+ 86. Kd4 Rh1 87. Ke5 Rh5+ 88. Kxf4 Kf6 89. Ke3 Rh1 90. Kd4 Rc1 91. Ke3 Rh1 92. f4 Re1+ 93. Kd4 Rc1 94. f5 Ra1 95. Ke3 Ke5 96. g7 Rg1 97. e7 Rg3+ 98. Bf3 Rxf3+ 99. Kxf3 Kxf5 100. e8Q Kf6 101. g8R Kf5 102. Rf8+ Kg5 103. Rf7 Kg6 104. Qg8+ 1-0

[Event "SLO-ch U14 Girls"]
[Site "Ptuj"]
[Date "2017.02.27"]
[Round "4"]
[White "Siraj, Vita"]
[Black "Knavs, Ana"]
[Result "1-0"]
[WhiteElo "1372"]
[BlackElo "1581"]
[PlyCount "83"]
[EventDate "2017.02.25"]
[EventType "swiss"]
[EventRounds "9"]
[EventCountry "SLO"]
[SourceTitle "CBM 177 Extra"]
[Source "ChessBase"]
[SourceDate "2017.04.27"]
[SourceVersion "1"]
[SourceVersionDate "2017.04.27"]
[SourceQuality "1"]

1. d4 d5 2. Nf3 Nc6 3. Bf4 Bf5 4. e3 e6 5. Nbd2 Bd6 6. Bg3 Nf6 7. Bd3 Bg6 8. 0-0 0-0 9. Ne5 Bxe5 10. dxe5 Bh5 11. Qe1 Nd7 12. f4 Ne7 13. Bh4 f6 14. Qg3 fxe5 15. Qg5 Be2 16. Bxe2 Rf5 17. Qxe7 Qxe7 18. Bxe7 Re8 19. Bg5 d4 20. Bg4 Rf7 21. fxe5 Nxe5 22. Rxf7 Nxf7 23. exd4 e5 24. dxe5 Nxe5 25. Re1 Kf8 26. Bh5 Re6 27. Bf4 Rf6 28. Bxe5 Rf5 29. Rf1 g6 30. Rxf5+ gxf5 31. Bf6 b5 32. Kf2 c5 33. Kf3 a5 34. Kf4 c4 35. Kxf5 a4 36. Ne4 b4 37. Nc5 a3 38. b3 Kg8 39. Ke6 cxb3 40. cxb3 Kf8 41. Nd7+ Kg8 42. Bf7# 1-0